[Event "Poznan op-B 16th"]
[Site "Poznan"]
[Date "2007.07.29"]
[Round "9.35"]
[White "Szymanska, Natalia"]
[Black "Nowak, Lukasz"]
[Result "1/2-1/2"]
[WhiteElo "1600"]
[BlackElo "1600"]
[PlyCount "50"]
[EventDate "2007.07.21"]
[EventType "swiss"]
[EventRounds "9"]
[EventCountry "POL"]
[SourceTitle "EXT 2023"]
[Source "ChessBase"]
[SourceDate "2022.10.05"]
[SourceVersion "1"]
[SourceVersionDate "2022.10.05"]
[SourceQuality "1"]

1. e4 c5 2. c4 e6 3. d3 Nc6 4. Nc3 Nf6 5. f3 d5 6. Bg5 d4 7. Bxf6 Qxf6 8. Nb5 Qd8 9. f4 a6 10. Na3 Be7 11. Nf3 0-0 12. Be2 Qb6 13. Qd2 Qb4 14. Qxb4 Nxb4 15. b3 Bd7 16. 0-0 b5 17. Ne5 Be8 18. Rac1 f6 19. Nf3 Bh5 20. Kf2 Bxf3 21. Kxf3 bxc4 22. dxc4 g5 23. g3 h5 24. h3 f5 25. e5 g4+ 1/2-1/2

[Event "Poznan op-B 16th"]
[Site "Poznan"]
[Date "2007.07.28"]
[Round "8.39"]
[White "Bienkowski, Tadeusz"]
[Black "Szymanska, Natalia"]
[Result "0-1"]
[WhiteElo "1000"]
[BlackElo "1600"]
[PlyCount "56"]
[EventDate "2007.07.21"]
[EventType "swiss"]
[EventRounds "9"]
[EventCountry "POL"]
[SourceTitle "EXT 2023"]
[Source "ChessBase"]
[SourceDate "2022.10.05"]
[SourceVersion "1"]
[SourceVersionDate "2022.10.05"]
[SourceQuality "1"]

1. e4 e5 2. Nf3 Nc6 3. Bb5 a6 4. Bxc6 dxc6 5. h3 Bd6 6. d3 h6 7. a3 Nf6 8. 0-0 g5 9. b4 g4 10. hxg4 Bxg4 11. Nh2 Bxd1 12. Rxd1 c5 13. c3 cxb4 14. cxb4 Qd7 15. Nd2 Rg8 16. Ndf3 Ng4 17. Bb2 Nxh2 18. Nxh2 Qh3 19. g3 h5 20. d4 exd4 21. Rd3 h4 22. Nf1 hxg3 23. fxg3 Bxg3 24. Nxg3 Rxg3+ 25. Rxg3 Qxg3+ 26. Kf1 0-0-0 27. Rd1 Qf3+ 28. Kg1 Rg8+ 0-1

[Event "Poznan op-B 16th"]
[Site "Poznan"]
[Date "2007.07.27"]
[Round "7.36"]
[White "Szymanska, Natalia"]
[Black "Taczala, Katarzyna"]
[Result "0-1"]
[WhiteElo "1600"]
[BlackElo "1400"]
[PlyCount "80"]
[EventDate "2007.07.21"]
[EventType "swiss"]
[EventRounds "9"]
[EventCountry "POL"]
[SourceTitle "EXT 2023"]
[Source "ChessBase"]
[SourceDate "2022.10.05"]
[SourceVersion "1"]
[SourceVersionDate "2022.10.05"]
[SourceQuality "1"]

1. e4 e5 2. Bc4 Nf6 3. d3 Nc6 4. Bg5 h6 5. Bh4 Be7 6. h3 d5 7. Bxf6 Bxf6 8. Bxd5 Bd7 9. Nf3 0-0 10. a3 Rb8 11. Nc3 Ne7 12. Ba2 c6 13. Qd2 Qb6 14. Na4 Qc7 15. Qe3 Qa5+ 16. Nc3 c5 17. 0-0 Qb6 18. b3 Bc6 19. Nb1 Ng6 20. c4 Rfd8 21. Nc3 Qa5 22. Nb1 Nf4 23. Rd1 Rd7 24. Kf1 Rbd8 25. Ne1 Bg5 26. Qg3 b5 27. Qf3 bxc4 28. bxc4 Ba4 29. Rd2 Nxg2 30. Nxg2 Bxd2 31. Nxd2 Qxd2 32. Bb1 Qb2 33. Ne1 Qxa1 34. Qe3 Qxb1 35. Kg2 Bc2 36. Nxc2 Qxc2 37. Qxc5 Rxd3 38. Qxa7 Rd2 39. a4 Qxe4+ 40. Kg3 R2d6 0-1

[Event "Poznan op-B 16th"]
[Site "Poznan"]
[Date "2007.07.21"]
[Round "1.14"]
[White "Szymanska, Natalia"]
[Black "Nawrocki, Przemyslaw"]
[Result "0-1"]
[WhiteElo "1600"]
[BlackElo "1967"]
[PlyCount "60"]
[EventDate "2007.07.21"]
[EventType "swiss"]
[EventRounds "9"]
[EventCountry "POL"]
[SourceTitle "EXT 2023"]
[Source "ChessBase"]
[SourceDate "2022.10.05"]
[SourceVersion "1"]
[SourceVersionDate "2022.10.05"]
[SourceQuality "1"]

1. e4 c5 2. c4 Nc6 3. d3 g6 4. Nc3 Bg7 5. Bd2 e6 6. f4 Nge7 7. Qe2 Nd4 8. Qd1 0-0 9. b3 Nec6 10. Nf3 a6 11. Nxd4 Nxd4 12. Rc1 f5 13. e5 d6 14. exd6 e5 15. g3 Re8 16. Be2 Qxd6 17. 0-0 b6 18. Bf3 Nxf3+ 19. Rxf3 Bb7 20. Rf2 Qxd3 21. Ne2 Qd8 22. Rc2 e4 23. Nc1 Qd6 24. Qe2 e3 25. Bxe3 Bd4 26. Qd2 Rxe3 27. Kf1 Qc6 28. Rg2 Qf3+ 29. Qf2 Qd1+ 30. Qe1 Qxe1# 0-1